Bo Burnham - Inside songs - Statistiques

Statistiques générales
  • Ce quiz a été pris 19 fois
  • Le résultat moyen est 6 sur 11
Statistiques - réponses
Hint Réponse % Correct
CEO entrepreneur, ___ __ ___, Jeffrey, Jeffrey bezos born in 1964
100%
Sexting, it isn’t sex, it’s __ __ __ __ the next best thing
69%
Don’t be scared, don’t be shy, come on in, __ ___’_ __ the water’s fine
63%
Here’s a healthy breakfast option, __ ___ __ __ __. you should kill your mom
63%
I’d ask you what you’re watching but _ __’_ ___ ___ I don’t wanna know
56%
Some random quote from ___ _ __ ___, incorrectly attributed to ____ ___ ____ Lord of the Rings Martin Luther king
56%
Mama, I love you, give _ __ __ ___ __ ___ a hug and kiss to dad
50%
When i was 17, on Halloween I _____ __ __ _____. dressed up as Aladdin
50%
I’m writing the orders now for everyone, __ ___ _ __,Just like me, I’m an unpaid intern The coffee is free
50%
A gift shop at the gun range, a ___ _____ __ __ ___ mass shooting at the mall
38%
I wanna hear you tell a joke when _ __’_ ____ _ __ ____ no one’s laughing in the background
31%
Aucun quiz correspondant
Distribution des résultats
% des personnes avec chaque résultat
Percentile par nombre de réponses
Votre historique - résultats
Vous n’avez pas pris ce quiz